Anthem of Trinidad and Tobago - Forged from the Love of Liberty - Statistics

General Stats
  • This quiz has been taken 25 times
  • The average score is 43 of 73
Answer Stats
Lyrics % Correct
Forged
100%
from
100%
the
100%
the
100%
the
100%
an
75%
an
75%
and
75%
and
75%
And
75%
and
75%
And
75%
bless
75%
bless
75%
blue
75%
Caribbean
75%
God
75%
God
75%
In
75%
in
75%
Islands
75%
liberty
75%
love
75%
nation.
75%
nation.
75%
of
75%
of
75%
of
75%
our
75%
our
75%
our
75%
our
75%
our
75%
sea,
75%
by
50%
creed
50%
creed
50%
every
50%
every
50%
find
50%
find
50%
Here
50%
Here
50%
land
50%
may
50%
may
50%
place,
50%
place,
50%
race
50%
race
50%
Side
50%
side
50%
stand
50%
to
50%
We
50%
we
50%
We
50%
With
50%
boundless
25%
declare:
25%
destiny
25%
equal
25%
equal
25%
faith
25%
fires
25%
hope
25%
lives
25%
native
25%
pledge
25%
prayer
25%
solemnly
25%
thee.
25%
This
25%
No matching quizzes found
Score Distribution
Percent of People with Each Score
Percentile by Number Answered
Your Score History
You have not taken this quiz